000 01116nji a22002657a 4500
005 20100831102949.0
006 a|||||r|||||00| 0
007 sd ammalaaahaa
008 100830t xxu||||| |||| 00| 0 eng d
028 _aGE 24023
_bColumbia
035 _aGR-203
040 _aSED
_cSED
100 _917455
_aAtma, C. H.
245 _aAaye sakhi na balma - geet /
_cby C. H. Atma ; supervision by Pankaj Mullick ; lyrics by Saroj Mohini Nayyar
_h[sound recording] :
246 _aआये सखी न बालमा - गीत / सी एच आत्मा द्वारा
260 _bColumbia
300 _a1 sound disc [Gramophone Recording]:
_banalog, 33 1/3 rpm
_c9.5 in. (MP)
_fGramophone Record
500 _aBrief Record
505 _aSide-2 मोरे बालम बसे परदेस - गीत (More balam base pardes) (C. H. Atma)
650 _aClassical music
_zIndia
_91186
_xExcerpts
700 _917416
_aMullick, Pankaj
700 _917456
_aNayyar, Saroj Mohini
942 _2ddc
_cGR
999 _c43308
_d43308